European Film Directors #2 - Statistics

General Stats
  • This quiz has been taken 36 times
  • The average score is 9 of 16
Answer Stats
Movie Nationality Answer % Correct
North by Northwest (1959) UK Alfred Hitchcock
94%
Stalker (1979) USSR Andrei Tarkovsky
91%
Breathless (1960) France/Switzerland Jean-Luc Godard
88%
Once Upon a Time in the West (1968) Italy Sergio Leone
88%
Sátántangó (1994) Hungary Béla Tarr
70%
Jeanne Dielman, 23 quai du Commerce, 1080 Bruxelles (1975) Belgium Chantal Akerman
70%
Death in Venice (1971) Italy Luchino Visconti
67%
A Trip to the Moon (1902) France Georges Méliès
58%
Carnage (2011) Poland/France Roman Polański
58%
The Spirit of the Beehive (1973) Spain Víctor Erice
55%
Abraham's Valley (1993) Portugal Manoel de Oliveira
42%
The Cabinet of Dr. Caligari (1920) Germany Robert Wiene
33%
The Cremator (1969) Czechoslovakia Juraj Herz
21%
Threads (1984) UK Mick Jackson
12%
Hunger (1966) Denmark Henning Carlsen
6%
Before the Rain (1994) North Macedonia Milcho Mancevski
6%
No matching quizzes found
Score Distribution
Percent of People with Each Score
Percentile by Number Answered
Your Score History
You have not taken this quiz